[Event "OPEN A"]
[Site "Condom"]
[Date "????.??.??"]
[Round "5.5"]
[White "Marciniak, Alexandre"]
[Black "Genov, Petar"]
[Result "0-1"]
[WhiteElo "2152"]
[BlackElo "2478"]
[PlyCount "46"]

1.e4 c5 2.Nf3 d6 3.d4 cxd4 4.Nxd4 Nf6 5.Nc3 a6 6.Be2 e6 7.Be3 Qc7 8.f4 b5 
9.Bf3 Bb7 10.a3 Nbd7 11.Qe2 Rc8 12.O-O Be7 13.g4 Nb6 14.g5 Nfd7 15.f5 e5 
16.f6 exd4 17.fxg7 Rg8 18.Bxd4 Ne5 19.Bh5 Rxg7 20.Rxf7 Rxf7 21.Bxe5 Qc5+ 
22.Kh1 Qxe5 23.Rf1 Rxc3 0-1

[Event "Open B - Condom 2009"]
[Site "Condom"]
[Date "????.??.??"]
[Round "1.5"]
[White "Moulie, Patrick"]
[Black "Dargagnon, Sylvain"]
[Result "0-1"]
[WhiteElo "1649"]
[BlackElo "1470"]
[PlyCount "88"]

1.e4 c5 2.Nc3 e6 3.f4 Be7 4.Nf3 Nc6 5.Bb5 Qc7 6.d3 h6 7.O-O a6 8.Bxc6 Qxc6
9.Bd2 Nf6 10.Qe1 O-O 11.h3 Re8 12.g4 d5 13.e5 Nh7 14.Qg3 c4 15.d4 b5 16.
Ne2 b4 17.c3 bxc3 18.bxc3 Bd7 19.g5 hxg5 20.fxg5 Bf8 21.g6 fxg6 22.Qxg6 
Re7 23.Ng5 Nxg5 24.Bxg5 Be8 25.Qc2 Rf7 26.Ng3 Qa4 27.Qe2 Qd7 28.Nh5 Rf5 
29.Rxf5 exf5 30.e6 Bxh5 31.exd7 Bxe2 32.d8=Q Rxd8 33.Bxd8 f4 34.Kf2 f3 35.
Rb1 Kf7 36.Rb8 Ba3 37.Ba5 Bc1 38.Rb6 Bg5 39.Kg3 Be3 40.Rb7+ Kg8 41.Re7 f2 
42.Rxe3 f1=Q 43.Bc7 Qg1+ 44.Kf4 Qf2+ 0-1

[Event "OPEN A"]
[Site "Condom"]
[Date "????.??.??"]
[Round "7.17"]
[White "Garrel, Alain"]
[Black "Rachez, Christophe"]
[Result "1-0"]
[WhiteElo "2131"]
[BlackElo "1987"]
[PlyCount "43"]

1.d4 c5 2.c3 Nf6 3.Nf3 e6 4.Bf4 Nc6 5.e3 d5 6.Bd3 Bd6 7.Bg3 O-O 8.Nbd2 Re8
9.Ne5 Qe7 10.O-O Nd7 11.f4 Nf8 12.Kh1 cxd4 13.exd4 f6 14.Bh4 Qc7 15.Qh5 
Bxe5 16.Qxe8 g6 17.fxe5 f5 18.Bb5 Bd7 19.Qxa8 Bc8 20.Bxc6 bxc6 21.Be7 Nd7 
22.Bd6 1-0

[Event "OPEN A"]
[Site "Condom"]
[Date "????.??.??"]
[Round "5.25"]
[White "Paci, Nicolas"]
[Black "Laurain, Dominique"]
[Result "0-1"]
[WhiteElo "1828"]
[BlackElo "2013"]
[PlyCount "80"]

1.Nf3 Nf6 2.g3 b6 3.Bg2 Bb7 4.O-O c5 5.d3 d5 6.Nbd2 e6 7.Re1 Be7 8.e4 Qc7 
9.c3 Nc6 10.Qc2 Rc8 11.a4 O-O 12.Nf1 dxe4 13.dxe4 Nd7 14.Bf4 Nde5 15.Ne3 
Bd6 16.Nxe5 Nxe5 17.Rad1 c4 18.Bxe5 Bxe5 19.Bf1 Ba6 20.Qc1 Qb7 21.f3 b5 
22.axb5 Bxb5 23.Qa1 a6 24.Qa2 Qb8 25.Kg2 h5 26.Bxc4 h4 27.Bxb5 Bxg3 28.
Bxa6 h3+ 29.Kxh3 Bxh2 30.Nf1 Rc5 31.e5 Bxe5 32.Kg2 Bf4 33.Re4 Rg5+ 34.Kf2 
Qb6+ 35.Ne3 Bxe3+ 36.Rxe3 Ra8 37.Qc4 Rxa6 38.Qc8+ Kh7 39.Rh1+ Kg6 40.f4 
Qxb2+ 0-1

[Event "OPEN A"]
[Site "Condom"]
[Date "????.??.??"]
[Round "1.1"]
[White "Tchefranoff, Stephane"]
[Black "Cornette, Matthieu"]
[Result "0-1"]
[WhiteElo "1927"]
[BlackElo "2578"]
[PlyCount "36"]

1.e4 d5 2.exd5 Qxd5 3.Nc3 Qa5 4.d4 Nf6 5.Bd2 Bg4 6.Be2 Bxe2 7.Ngxe2 Nc6 8.
Ne4 Qd5 9.Nxf6+ gxf6 10.f3 e5 11.dxe5 O-O-O 12.Bc3 Qc5 13.Qc1 fxe5 14.Ng3 
Rg8 15.Bd2 f5 16.c3 Qc4 17.Qd1 Qh4 18.O-O Bc5+ 0-1

[Event "CONDOM 2012 OpenA "]
[Site "Condom"]
[Date "????.??.??"]
[Round "3.9"]
[White "Boukhris-Ferre, Yacine"]
[Black "Gertosio, Franck"]
[Result "1/2-1/2"]
[WhiteElo "2057"]
[BlackElo "2215"]
[PlyCount "81"]

1.e4 d6 2.Nc3 Nf6 3.d4 Nbd7 4.Nf3 e5 5.Be2 Be7 6.h3 a6 7.a4 b6 8.O-O Bb7 
9.d5 O-O 10.Nd2 c6 11.dxc6 Bxc6 12.Bf3 Nc5 13.b4 Ne6 14.Nc4 b5 15.axb5 
axb5 16.Rxa8 Qxa8 17.Nb6 Qb7 18.Nbd5 Bxd5 19.Nxd5 Nxd5 20.exd5 Nd4 21.Be3 
Nxf3+ 22.Qxf3 Rc8 23.Ra1 Ra8 24.Rxa8+ Qxa8 25.g4 g6 26.Qe4 Qa1+ 27.Kg2 Qe1
28.Kh2 Bg5 29.c3 Bf4+ 30.Kg2 Bxe3 31.Qxe3 Qd1 32.Qf3 Qb3 33.Qd3 Qa4 34.Kf1
Qa6 35.Ke2 Kg7 36.Kf1 Kg8 37.Kg2 Kf8 38.Kf1 e4 39.Qxe4 Qa1+ 40.Qe1 Qa2 41.
Qe4 1/2-1/2

[Event "OPEN A"]
[Site "Condom"]
[Date "????.??.??"]
[Round "6.20"]
[White "Chauve, Jean-Christophe"]
[Black "Fournier, Camille"]
[Result "0-1"]
[WhiteElo "1940"]
[BlackElo "2035"]
[PlyCount "70"]

1.e4 c6 2.d4 d5 3.e5 Bf5 4.Nc3 e6 5.g4 Bg6 6.Nge2 f6 7.Nf4 Bf7 8.Nd3 Nd7 
9.Be3 Bb4 10.Nxb4 fxe5 11.dxe5 c5 12.Bxc5 Nxc5 13.Qd4 Rc8 14.O-O-O a6 15.
Nd3 Nd7 16.f4 Ne7 17.Bh3 Rc4 18.Qf2 O-O 19.Qd2 Bg6 20.Rhf1 Qa5 21.Kb1 Qb6 
22.Rc1 d4 23.Ne2 Nd5 24.c3 dxc3 25.Nxc3 Nxf4 26.Rxf4 Rfxf4 27.Ka1 Rf3 28.
Nf4 Rd4 29.Ncd5 Rxd2 30.Nxb6 Nxb6 31.Nxg6 hxg6 32.Bf1 Rff2 33.g5 Rxb2 34.
Rd1 Rxa2+ 35.Kb1 Nd5 0-1

[Event "OPEN A"]
[Site "Condom"]
[Date "????.??.??"]
[Round "2.11"]
[White "Chauve, Jean-Christophe"]
[Black "Chamaillard, Sylvain"]
[Result "1/2-1/2"]
[WhiteElo "1940"]
[BlackElo "2149"]
[PlyCount "35"]

1.e4 c5 2.c3 d6 3.d4 Nf6 4.Bd3 e5 5.Nf3 Nc6 6.Bc2 Bg4 7.Be3 cxd4 8.cxd4 
Qb6 9.dxe5 Bxf3 10.Qc1 Qa5+ 11.Bd2 Qxe5 12.gxf3 Nd4 13.Ba4+ b5 14.Bd1 Be7 
15.Bf4 Qc5 16.Qxc5 dxc5 17.a4 b4 18.Nd2 1/2-1/2

[Event "OPEN A"]
[Site "Condom"]
[Date "????.??.??"]
[Round "6.9"]
[White "Ouerk, Yanis"]
[Black "Houard, Yannick"]
[Result "1/2-1/2"]
[WhiteElo "2050"]
[BlackElo "2200"]
[PlyCount "46"]

1.e4 e6 2.d4 d5 3.Nc3 Nf6 4.Bg5 Bb4 5.e5 h6 6.Bc1 Ne4 7.Qg4 g6 8.Ne2 c5 9.
a3 Ba5 10.b4 Nxc3 11.Nxc3 cxb4 12.Nb5 b3+ 13.Bd2 Bxd2+ 14.Kxd2 b2 15.Rb1 
O-O 16.h4 Kg7 17.Rh3 a6 18.Nd6 f5 19.Qf4 Nc6 20.Rxb2 b5 21.Qe3 Bd7 22.Be2 
Na5 23.Qc3 Rb8 1/2-1/2

[Event "OPEN A"]
[Site "Condom"]
[Date "????.??.??"]
[Round "7.6"]
[White "Genova, Lyubka"]
[Black "Marie, Adrien"]
[Result "1-0"]
[WhiteElo "2209"]
[BlackElo "2056"]
[PlyCount "57"]

1.e4 d5 2.exd5 Nf6 3.Bb5+ Bd7 4.Be2 Nxd5 5.d4 g6 6.Nf3 Bg7 7.O-O O-O 8.c4 
Nb6 9.Nc3 c6 10.Be3 Bg4 11.Ne5 Bxe2 12.Qxe2 N8d7 13.f4 Qc7 14.Ne4 f6 15.
Nxd7 Nxd7 16.f5 Rae8 17.Qg4 e5 18.fxg6 exd4 19.Bxd4 Ne5 20.gxh7+ Kh8 21.
Qf5 Nxc4 22.Rae1 Rxe4 23.Rxe4 Nd2 24.Bc5 Nxe4 25.Bxf8 Qb6+ 26.Kh1 Qe3 27.
Bxg7+ Kxg7 28.h8=Q+ Kxh8 29.Qh5+ 1-0

[Event "OPEN A"]
[Site "Condom"]
[Date "????.??.??"]
[Round "1.30"]
[White "Fournier, Camille"]
[Black "Dupouy, Francois"]
[Result "0-1"]
[WhiteElo "2035"]
[BlackElo "1759"]
[PlyCount "64"]

1.c4 Nf6 2.Nc3 g6 3.e4 d6 4.d4 Bg7 5.h3 O-O 6.Bg5 Nc6 7.d5 Ne5 8.Nf3 Ne8 
9.Be2 f5 10.Nxe5 dxe5 11.exf5 gxf5 12.Qd2 f4 13.O-O-O Nd6 14.Bd3 b6 15.Qe2
Bf5 16.Ne4 Qd7 17.g4 Bg6 18.f3 e6 19.Nc3 exd5 20.Bxg6 hxg6 21.Nxd5 Rfe8 
22.Qc2 Qf7 23.h4 b5 24.cxb5 Nxb5 25.h5 Nd4 26.Qe4 Rab8 27.hxg6 Qd7 28.Rh7 
Qc6+ 29.Nc3 Qxe4 30.Nxe4 Re6 31.Rdh1 Nxf3 32.Bf6 Bxf6 0-1

[Event "OPEN A"]
[Site "Condom"]
[Date "????.??.??"]
[Round "8.35"]
[White "Barraud, Mickael"]
[Black "Vuillemard, Jean-Marc"]
[Result "1/2-1/2"]
[WhiteElo "1908"]
[BlackElo "1806"]
[PlyCount "26"]

1.e4 c5 2.Nc3 g6 3.g3 Bg7 4.Bg2 Nc6 5.d3 Nf6 6.f4 d6 7.h3 e6 8.Nf3 Bd7 9.
O-O a6 10.a4 h5 11.Be3 Nh7 12.Rb1 Nd4 13.Ne2 Nxe2+ 1/2-1/2

[Event "OPEN A"]
[Site "Condom"]
[Date "????.??.??"]
[Round "3.23"]
[White "Genova, Lyubka"]
[Black "Ortega Lopez, Adrian"]
[Result "1-0"]
[WhiteElo "2209"]
[BlackElo "1861"]
[PlyCount "57"]

1.e4 c5 2.Nf3 Nc6 3.d4 cxd4 4.Nxd4 g6 5.c4 Bg7 6.Be3 Nf6 7.Nc3 d6 8.f3 O-O
9.Qd2 Qa5 10.Rc1 Bd7 11.Be2 Rfc8 12.O-O a6 13.Nb3 Qd8 14.Na4 b5 15.Nb6 
bxc4 16.Rxc4 Be6 17.Rcc1 Ne5 18.Nxc8 Rxc8 19.Rxc8 Qxc8 20.Rc1 Qb7 21.Na5 
Qb8 22.Bxa6 h5 23.Nc6 Nxc6 24.Rxc6 Qa8 25.Qc2 Bd7 26.Rb6 Ne8 27.b4 Qa7 28.
Bf2 Nc7 29.Rxd6 1-0

[Event "OPEN A"]
[Site "Condom"]
[Date "????.??.??"]
[Round "1.48"]
[White "Larand, Manuel"]
[Black "Toullec, Renan"]
[Result "1-0"]
[WhiteElo "1953"]
[BlackElo "1658"]
[PlyCount "39"]

1.c4 e5 2.g3 Nc6 3.Bg2 Nf6 4.Nc3 Bc5 5.e3 d6 6.Nge2 O-O 7.O-O Be6 8.d4 
Bxc4 9.dxc5 dxc5 10.Qa4 Be6 11.Qb5 Bd7 12.Qxc5 h6 13.Rd1 Qc8 14.a3 Nh7 15.
b4 Bh3 16.Bh1 Ng5 17.b5 Qg4 18.bxc6 b6 19.Qxe5 Rfe8 20.Qf4 1-0

[Event "OPEN A"]
[Site "Condom"]
[Date "????.??.??"]
[Round "2.20"]
[White "Sanchez, Nicolas"]
[Black "Popa, Marian"]
[Result "1-0"]
[WhiteElo "2205"]
[BlackElo "1918"]
[PlyCount "55"]

1.d4 Nf6 2.c4 e6 3.Nc3 Bb4 4.e3 O-O 5.Bd3 d5 6.Nf3 c5 7.O-O b6 8.Qe2 dxc4 
9.Bxc4 cxd4 10.exd4 Bxc3 11.bxc3 Qc7 12.Ba3 Re8 13.Rac1 Bb7 14.Ne5 Nbd7 
15.f4 Rac8 16.Bd3 Nf8 17.c4 Qb8 18.c5 bxc5 19.dxc5 Bd5 20.Ba6 Rc7 21.c6 
Ne4 22.Bxf8 Qb6+ 23.Kh1 Rxf8 24.Nd7 Qd4 25.Nxf8 Kxf8 26.f5 Qe5 27.fxe6 
Ng3+ 28.hxg3 1-0

[Event "14ème Open de Saint-Affrique"]
[Site "Saint Affrique FRA"]
[Date "????.??.??"]
[Round "5.2"]
[White "David, Vincent"]
[Black "Georgiev, Krum"]
[Result "1/2-1/2"]
[WhiteElo "2327"]
[BlackElo "2485"]
[PlyCount "93"]

1.d4 c5 2.d5 g6 3.e4 Bg7 4.Nc3 d6 5.Bb5+ Nd7 6.a4 Nf6 7.Nf3 O-O 8.O-O a6 
9.Be2 b6 10.Bf4 Ne8 11.Nd2 Rb8 12.Nc4 Ne5 13.Na3 Nc7 14.Bg3 f5 15.exf5 
Bxf5 16.f4 Nf7 17.Bh4 Bd7 18.Nc4 b5 19.axb5 axb5 20.Na5 b4 21.Na4 Bd4+ 22.
Bf2 Nxd5 23.Bxd4 cxd4 24.Nc4 e5 25.fxe5 dxe5 26.Rxf7 Rxf7 27.Nxe5 Re7 28.
Qxd4 Bxa4 29.Bc4 Qb6 30.Bxd5+ Kg7 31.Qxb6 Rxb6 32.Rxa4 Rxe5 33.Ra7+ Kf6 
34.Rf7+ Kg5 35.Bc4 Re1+ 36.Kf2 Rc1 37.h4+ Kxh4 38.Rxh7+ Kg5 39.Bd3 Rc6 40.
Rb7 R1xc2+ 41.Bxc2 Rxc2+ 42.Kg3 Rxb2 43.Rb5+ Kf6 44.Kf4 g5+ 45.Kf3 b3 46.
g3 Rb1 47.Kg4 1/2-1/2

[Event "OPEN A"]
[Site "Condom"]
[Date "????.??.??"]
[Round "1.45"]
[White "Aubert, Lucas"]
[Black "Muratet, Lucas"]
[Result "1-0"]
[WhiteElo "1660"]
[BlackElo "1970"]
[PlyCount "41"]

1.d4 Nf6 2.c4 c5 3.d5 e6 4.Nc3 exd5 5.cxd5 d6 6.e4 g6 7.Bd3 Bg7 8.Nge2 O-O
9.O-O Re8 10.Bg5 a6 11.a4 Nbd7 12.f4 c4 13.Bxc4 Qb6+ 14.Kh1 Ng4 15.Qb3 
Nf2+ 16.Kg1 Nh3+ 17.Kh1 Qg1+ 18.Nxg1 Nxg5 19.fxg5 Nc5 20.Qc2 Bd7 21.b4 1-0

[Event "OPEN A"]
[Site "Condom"]
[Date "????.??.??"]
[Round "8.40"]
[White "Hirschmann, Georges"]
[Black "Vainguer, Guillaume"]
[Result "1-0"]
[WhiteElo "1917"]
[BlackElo "1751"]
[PlyCount "45"]

1.d4 d5 2.Nf3 Bf5 3.e3 e6 4.Be2 Nf6 5.O-O Bd6 6.c4 c6 7.Nc3 O-O 8.b3 Nbd7 
9.Bb2 e5 10.dxe5 Nxe5 11.cxd5 cxd5 12.Nb5 Re8 13.Nxd6 Qxd6 14.Bxe5 Rxe5 
15.Nxe5 Qxe5 16.Qd4 Qxd4 17.exd4 Ne4 18.Rac1 Bd7 19.Bd3 Ng5 20.Rfd1 Re8 
21.Kf1 Kf8 22.Rc5 Bc6 23.Bb5 1-0

[Event "OPEN A"]
[Site "Condom"]
[Date "????.??.??"]
[Round "7.43"]
[White "Pinault, Mailys"]
[Black "David, Martin"]
[Result "1-0"]
[WhiteElo "1741"]
[BlackElo "1780"]
[PlyCount "77"]

1.e4 c6 2.Nc3 d5 3.Nf3 dxe4 4.Nxe4 Bg4 5.Bc4 Nd7 6.d3 Ngf6 7.Nxf6+ Nxf6 8.
h3 Bh5 9.Be3 e6 10.g4 Bg6 11.Qe2 Bb4+ 12.Bd2 Qb6 13.O-O-O Bc5 14.Rhf1 
O-O-O 15.Ne5 Bd4 16.Bb3 Nd7 17.Nc4 Qc7 18.f4 h6 19.c3 Bf6 20.f5 exf5 21.
gxf5 Rhe8 22.Qf2 Bh5 23.Rde1 b6 24.d4 b5 25.Rxe8 Rxe8 26.Bf4 Re2 27.Nd6+ 
Qxd6 28.Bxd6 Rxf2 29.Rxf2 Bh4 30.Rg2 Bg5+ 31.Kb1 Nf6 32.a4 Bf3 33.Rg1 Be4+
34.Bc2 Bxc2+ 35.Kxc2 bxa4 36.h4 Bxh4 37.Rxg7 Ne4 38.Bf8 Ng5 39.Be7 1-0

[Event "OPEN A"]
[Site "Condom"]
[Date "????.??.??"]
[Round "7.3"]
[White "Chamaillard, Sylvain"]
[Black "Genov, Petar"]
[Result "0-1"]
[WhiteElo "2149"]
[BlackElo "2478"]
[PlyCount "40"]

1.d4 Nf6 2.c4 e6 3.Nf3 b6 4.g3 Ba6 5.b3 d5 6.Bg2 dxc4 7.Ne5 Bb4+ 8.Kf1 Bd6
9.Nxc4 Nd5 10.Nxd6+ Qxd6 11.Ba3 Qd7 12.Bf3 Nc6 13.Kg2 O-O-O 14.e3 f5 15.
Qc2 g5 16.Nc3 Ncb4 17.Bxb4 Nxb4 18.Qd2 g4 19.Be2 Qc6+ 20.d5 Bxe2 0-1

[Event "Coupe Ligue MPYR"]
[Site "Auch"]
[Date "????.??.05"]
[Round "?"]
[White "GOLIC , Nadil"]
[Black "CATALA , Laurent"]
[Result "0-1"]
[WhiteElo "1990"]
[BlackElo "1860"]
[PlyCount "102"]

1.d4 d5 2.Nf3 Nf6 3.c4 e6 4.Nc3 Be7 5.Bf4 c5 6.e3 O-O 7.Bd3 dxc4 8.Bxc4 
Nc6 9.O-O b6 10.d5 Na5 11.b3 Nxc4 12.bxc4 exd5 13.cxd5 Bd6 14.Bxd6 Qxd6 
15.e4 Bg4 16.Qd3 Nd7 17.Nd2 f5 18.f3 fxe4 19.fxe4 Ne5 20.Qg3 Bd7 21.a4 a6 
22.Kh1 b5 23.axb5 axb5 24.Rxf8+ Rxf8 25.Nf3 Re8 26.Qf4 b4 27.Ne2 b3 28.Rf1
Nc4 29.Qxd6 Nxd6 30.e5 Nc4 31.e6 Bxe6 32.dxe6 Rxe6 33.Nc3 Re3 34.Nb1 Na5 
35.Re1 Rxe1+ 36.Nxe1 Kf7 37.Kg1 Ke6 38.Kf2 Kd5 39.Ke3 Kc4 40.Nd3 Kb5 41.
Nf4 Nc4+ 42.Kd3 Nd6 43.Ne6 c4+ 44.Kc3 Ne4+ 45.Kd4 Nd6 46.Nxg7 
    ( 46.Nc7+ {%05Suite nettement meilleure:} 46...Kc6 47.Nd5 Nf5+ 48.Ke5 
    Kc5 49.Nbc3 g6 )
46...Kb4 47.Ne6 Nb5+ 48.Ke3 Na3 49.Nd2 b2 50.Ng5 c3 51.Nde4 c2 0-1

[Event "Coupe Ligue MPYR"]
[Site "Auch"]
[Date "????.??.05"]
[Round "?"]
[White "LACROIX , Romain"]
[Black "ROUEDE , Gilbert"]
[Result "1-0"]
[WhiteElo "2098"]
[BlackElo "1822"]
[PlyCount "87"]

1.e4 c5 2.Nc3 Nc6 3.g3 d6 4.Bg2 Nf6 5.f4 e5 6.d3 Be7 7.Nf3 O-O 8.O-O Rb8 
9.f5 b5 10.h3 Nd4 11.g4 b4 12.Ne2 Nd7 13.Ng3 Nxf3+ 14.Qxf3 Bg5 15.Bxg5 
Qxg5 16.Nh5 Nf6 17.Nxf6+ Qxf6 18.Qg3 Qe7 19.f6 gxf6 20.Qh4 Kg7 21.Rf2 Rb7 
22.Raf1 f5 23.Qxe7 Rxe7 24.exf5 f6 25.Bd5 Kh6 26.Kg2 Bd7 27.Kf3 Kg5 28.Kg3
h5 29.h4+ Kh6 30.g5+ fxg5 31.f6 Rh7 32.f7 Rg7 33.Rf6+ Rg6 34.Be4 gxh4+ 35.
Kxh4 Rxf6 36.Rxf6+ Kg7 37.Rxd6 Rxf7 38.Kxh5 Be8 39.Rd8 Kf8 40.Bg6 Ke7 41.
Rxe8+ Kxe8 42.Kg5 Ke7 43.Bxf7 Kxf7 44.Kf5 1-0

[Event "Coupe Ligue MPYR"]
[Site "Auch"]
[Date "????.??.05"]
[Round "?"]
[White "POKEE  , Anne"]
[Black "RIVIERE  , Frédéric"]
[Result "1-0"]
[WhiteElo "2021"]
[BlackElo "1860"]
[PlyCount "127"]

1.e4 c5 2.Nf3 Nc6 3.c3 e5 4.Bc4 Nf6 5.d3 Be7 6.O-O O-O 7.Na3 a6 8.Nc2 b5 
9.Bd5 Nxd5 10.exd5 Na5 11.Nxe5 d6 12.Nf3 Bg4 13.Ne3 Bh5 14.Nf5 Bf6 15.Bf4 
Nb7 16.Ng3 Bg6 17.Qd2 Qd7 18.Ne4 Qf5 19.Nxd6 Nxd6 20.Bxd6 Rfd8 21.Bxc5 
Rxd5 22.Bd4 Qxd3 23.Qxd3 Bxd3 24.Rfe1 Bg5 25.Nxg5 Rxg5 26.Re3 Bc4 27.Rae1 
h5 28.b3 Be6 29.Re5 Rxe5 30.Rxe5 g6 31.Rc5 Kf8 32.Rc7 Ke8 33.Kf1 a5 34.Rb7
Bc8 35.Ra7 Rxa7 36.Bxa7 Kd7 37.Ke2 Kc6 38.Ke3 Kd6 39.Kd4 f6 40.Bc5+ Ke6 
41.c4 bxc4 42.Kxc4 Ba6+ 43.Kc3 Kd5 44.Be7 f5 45.a4 Bf1 46.Bd8 Bxg2 47.Bxa5
g5 48.Bc7 g4 49.b4 Kc6 50.Bg3 Kb6 51.Kd4 Bf3 52.Bh4 Bd1 53.Bd8+ Kc6 54.b5+
Kb7 55.a5 Be2 56.Kc5 f4 57.Bg5 f3 58.Be3 h4 59.a6+ Ka8 60.Kc6 Bd3 61.Kb6 
Be4 62.Ka5 Kb8 63.b6 h3 64.Bf4+ 1-0

[Event "N4 Albi-Tournefeuille2"]
[Site "Colomiers"]
[Date "????.02.04"]
[Round "7"]
[White "Casella, Laurent"]
[Black "Eb-Lavadoux, Yvan"]
[Result "1/2-1/2"]
[WhiteElo "2028"]
[BlackElo "1920"]
[PlyCount "65"]

1.e4 e5 2.d4 exd4 3.Qxd4 Nc6 4.Qe3 d6 5.Bd2 Nf6 6.Nc3 a6 7.O-O-O Be7 8.f4 
Bg4 9.Nf3 b5 10.e5 dxe5 11.fxe5 Nd7 12.Qe4 Bxf3 13.gxf3 Ncxe5 14.Bh3 O-O 
15.Bf4 Bd6 16.Bxd7 Nxd7 17.Bxd6 cxd6 18.Rxd6 Qc7 19.Qd4 Nc5 20.Rg1 g6 21.
Nd5 Qxd6 22.Nf6+ Qxf6 23.Qxf6 Rfe8 24.h4 Re6 25.Qg5 Rc8 26.h5 Re2 27.c3 
Nd3+ 28.Kd1 Rxb2 29.h6 Nf2+ 30.Kc1 Nd3+ 31.Kd1 Nf2+ 32.Kc1 Nd3+ 33.Kd1 
1/2-1/2

[Event "N3 - CEIT / Ech Toulousain"]
[Site "?"]
[Date "2002.??.??"]
[Round "1.9"]
[White "Lafforgue"]
[Black "Taulere, Sandrine"]
[Result "1-0"]
[WhiteElo "1600"]
[BlackElo "1660"]
[EventDate "2003.07.04"]
[PlyCount "69"]

1.d4 d5 2.c4 dxc4 3.a4 Nf6 4.e3 e6 5.Bxc4 b6 6.Nc3 Bb7 7.Nf3 Bd6 8.O-O O-O
9.Qe2 a5 10.e4 Bb4 11.Bg5 h6 12.Bh4 Be7 13.Rfd1 c6 14.Rac1 Nbd7 15.Bd3 Nh5
16.Bxe7 Qxe7 17.Qe3 Nhf6 18.e5 Nd5 19.Qe4 g6 20.Nxd5 cxd5 21.Qg4 Rfc8 22.
Bxg6 Kh8 23.Bd3 Rxc1 24.Rxc1 Qb4 25.Qf4 Kg7 26.Bb5 Rc8 27.Rxc8 Bxc8 28.
Bxd7 Qxb2 29.g3 Bxd7 30.Qf6+ Kf8 31.Qxh6+ Ke7 32.Qf6+ Kf8 33.Ng5 Qb1+ 34.
Kg2 Be8 35.Nxe6+ 1-0

[Event "N3 - Cahors / Condom"]
[Site "?"]
[Date "2002.??.??"]
[Round "4.3"]
[White "Marty, Damien"]
[Black "Relea, Nicolas"]
[Result "1-0"]
[WhiteElo "1970"]
[BlackElo "2090"]
[EventDate "2003.07.04"]
[PlyCount "41"]

1.e4 Nc6 2.d4 d5 3.exd5 Qxd5 4.Nf3 e5 5.c4 Qe4+ 6.Be2 Nxd4 7.Nxd4 Qxd4 8.
Qxd4 exd4 9.Bf4 c5 10.Bf3 Nf6 11.O-O Kd7 12.b4 Bd6 13.Bxd6 Kxd6 14.bxc5+ 
Kxc5 15.Nd2 Rd8 16.Nb3+ Kxc4 17.Rfc1+ Kb4 18.Nc5 Rb8 19.Na6+ Ka5 20.Nxb8 
Bf5 21.Rc5+ 1-0

[Event "N3 - Beziers / Tournefeuille"]
[Site "?"]
[Date "2002.??.??"]
[Round "4.3"]
[White "Giordano"]
[Black "Aguirre, Simon"]
[Result "0-1"]
[WhiteElo "2171"]
[BlackElo "2172"]
[EventDate "2003.07.04"]
[PlyCount "52"]

1.d4 d5 2.c4 c6 3.Nf3 Nf6 4.Nc3 dxc4 5.a4 Bf5 6.Ne5 Na6 7.e3 Nb4 8.Bxc4 e6
9.O-O Be7 10.Qe2 h6 11.e4 Bh7 12.Rd1 O-O 13.Bf4 Qa5 14.Bb3 Rae8 15.Qf3 Kh8
16.h3 a6 17.g4 Qd8 18.a5 Nd7 19.Nc4 f5 20.Nd6 fxe4 21.Ncxe4 Nd5 22.Nxb7 
Qa8 23.Bxd5 exd5 24.Ned6 Bg5 25.Nxe8 Bxf4 26.Qb3 Rxe8 0-1

[Event "N3 - Ech Toulousain / Perpignan"]
[Site "?"]
[Date "2002.??.??"]
[Round "4.6"]
[White "Sakri, Abdelhak"]
[Black "Anton, Gregory"]
[Result "0-1"]
[WhiteElo "2000"]
[BlackElo "1990"]
[EventDate "2003.07.04"]
[PlyCount "66"]

1.d4 b6 2.e4 Bb7 3.Bd3 e6 4.Nf3 Nf6 5.Bg5 Be7 6.Nc3 d6 7.O-O O-O 8.Bxf6 
Bxf6 9.Qe2 Nd7 10.Rad1 g6 11.e5 Bxf3 12.Qxf3 Bg7 13.Bb5 a6 14.Bc6 Ra7 15.
Qe2 d5 16.Qg4 Nb8 17.Ba4 b5 18.Bb3 Nd7 19.Ne2 c5 20.c3 Qe7 21.h4 cxd4 22.
cxd4 Rc7 23.h5 a5 24.Rc1 Rfc8 25.hxg6 hxg6 26.Rc3 Rxc3 27.Nxc3 a4 28.Bd1 
a3 29.Nxb5 axb2 30.Nd6 Rc1 31.Bc2 Rxc2 32.Qd1 Rc1 33.Qd3 b1=Q 0-1

[Event "N3 - Condom / Cahors"]
[Site "?"]
[Date "2002.??.??"]
[Round "4.3"]
[White "Bedue, Julien"]
[Black "Dervieux, Dominique"]
[Result "1-0"]
[WhiteElo "2180"]
[BlackElo "1890"]
[EventDate "2003.07.04"]
[PlyCount "79"]

1.d4 d6 2.e4 Nf6 3.Nc3 Nbd7 4.Be3 e5 5.f3 c6 6.Nge2 g6 7.Qd2 Bg7 8.Bh6 O-O
9.O-O-O a6 10.Kb1 b5 11.h4 Kh8 12.h5 Bxh6 13.Qxh6 Ng8 14.Qd2 g5 15.g3 Qa5 
16.h6 f6 17.Nc1 b4 18.N3e2 Qb6 19.f4 exd4 20.Nxd4 Nc5 21.Bg2 Bg4 22.Rde1 
Ne6 23.Nxe6 Bxe6 24.Qxd6 Bf7 25.Nd3 a5 26.fxg5 Rad8 27.Qf4 b3 28.axb3 Rxd3
29.g6 Rxg3 30.Qxg3 Bxg6 31.e5 Qc5 32.Be4 f5 33.Bd3 Ne7 34.Qg1 Qb4 35.Qa7 
Rb8 36.e6 Rb7 37.Qe3 Nd5 38.Qe5+ Kg8 39.Bc4 a4 40.e7 1-0

[Event "N3 - Ech Toulousain / CEIT"]
[Site "?"]
[Date "2002.??.??"]
[Round "1.4"]
[White "Lebon, Joffrey"]
[Black "Camacho, P."]
[Result "1-0"]
[WhiteElo "2031"]
[BlackElo "1940"]
[EventDate "2003.07.04"]
[PlyCount "45"]

1.e4 d5 2.exd5 Qxd5 3.d4 Nc6 4.Nf3 Bg4 5.Be2 O-O-O 6.c4 Qf5 7.Nbd2 Nf6 8.
d5 Ne5 9.O-O Nxf3+ 10.Nxf3 Kb8 11.Qb3 e5 12.Be3 Ne4 13.Nxe5 Bxe2 14.Nc6+ 
Kc8 15.Nxa7+ Kd7 16.Qb5+ Ke7 17.Rfe1 Nd6 18.Bc5 Qd3 19.Qxb7 Kf6 20.Qxc7 
Be7 21.Nc6 Nf5 22.Bxe7+ Nxe7 23.Qxe7+ 1-0

[Event "N3 - Condom / Agen"]
[Site "?"]
[Date "2002.??.??"]
[Round "1.4"]
[White "Dargagnon, Remi"]
[Black "Dumas"]
[Result "1-0"]
[WhiteElo "2060"]
[BlackElo "2080"]
[EventDate "2003.07.04"]
[PlyCount "71"]

1.e4 e6 2.d4 d5 3.Nc3 Nf6 4.Bg5 dxe4 5.Nxe4 Be7 6.Bxf6 Bxf6 7.Nf3 b6 8.Qd2
Nd7 9.Bb5 O-O 10.Bc6 Rb8 11.Qf4 Bb7 12.Bxb7 Rxb7 13.O-O Qe7 14.Rfe1 c5 15.
d5 Bxb2 16.d6 Qd8 17.Rab1 Bf6 18.g4 g6 19.g5 Bg7 20.Rb3 f5 21.gxf6 Nxf6 
22.Nxc5 bxc5 23.Rxb7 Nh5 24.Qe4 Qxd6 25.Ng5 Bd4 26.Qxe6+ Qxe6 27.Rxe6 Rxf2
28.c3 Rf7+ 29.cxd4 Rxb7 30.dxc5 Rb1+ 31.Kf2 Rb2+ 32.Re2 Rb7 33.c6 Rb8 34.
c7 Rc8 35.Re7 h6 36.Rd7 1-0

[Event "N3 - CEIT / Montpellier Eur"]
[Site "?"]
[Date "2002.??.??"]
[Round "4.6"]
[White "Puig"]
[Black "Paulus"]
[Result "1-0"]
[WhiteElo "1970"]
[BlackElo "1699"]
[EventDate "2003.07.04"]
[PlyCount "84"]

1.Nf3 d5 2.d4 Nf6 3.c4 e6 4.Bg5 Be7 5.Nc3 O-O 6.e3 b6 7.Rc1 Bb7 8.cxd5 
Nxd5 9.Bxe7 Qxe7 10.Bd3 Nd7 11.Nxd5 Bxd5 12.a3 c5 13.O-O Rad8 14.Qe2 f5 
15.e4 fxe4 16.Bxe4 Nf6 17.Bxd5 Nxd5 18.dxc5 Nf4 19.Qc4 bxc5 20.Rce1 Qf6 
21.Re3 Rd5 22.Qe4 Rh5 23.g3 Nh3+ 24.Kg2 Ng5 25.Nxg5 Qxg5 26.Qxe6+ Kh8 27.
f4 Qd8 28.Rfe1 Rhf5 29.Re5 R5f6 30.Qc4 Qd7 31.Qxc5 Qb7+ 32.Kg1 Qxb2 33.Re8
Kg8 34.Qd5+ Kh8 35.Qc5 Qb6 36.Qxb6 axb6 37.R8e7 Kg8 38.Rb7 Ra8 39.Ree7 Rd6
40.Rxg7+ Kf8 41.Rxh7 Kg8 42.Rbg7+ Kf8 1-0

[Event "N3 - CEIT / Montpellier Eur"]
[Site "?"]
[Date "2002.??.??"]
[Round "4.8"]
[White "Benmesbah, Sarah"]
[Black "Barthelemy, Guy"]
[Result "0-1"]
[WhiteElo "1680"]
[BlackElo "2030"]
[EventDate "2003.07.04"]
[PlyCount "94"]

1.e4 e6 2.d4 d5 3.e5 c5 4.c3 Nc6 5.Bb5 Bd7 6.Ne2 Nxe5 7.Bxd7+ Nxd7 8.Qb3 
Nb6 9.Be3 c4 10.Qd1 Bd6 11.Nd2 Nf6 12.Nf3 Qc7 13.Qc1 Nbd7 14.Bf4 O-O 15.
O-O Ne4 16.Re1 b5 17.Bxd6 Qxd6 18.Ng3 Nxg3 19.hxg3 a5 20.Kh2 Rfe8 21.Qf4 
Qxf4 22.gxf4 g6 23.Ne5 Nf6 24.f3 Reb8 25.Nc6 Rb6 26.Ne5 Rab8 27.g4 R8b7 
28.f5 b4 29.cxb4 Rxb4 30.b3 exf5 31.gxf5 cxb3 32.fxg6 hxg6 33.Nc6 b2 34.
Rab1 Rc4 35.Nxa5 Rc2+ 36.Kg1 Ra7 37.Nb3 Rxa2 38.Rf1 Ra3 39.Nc5 Rac3 40.Na4
Rb3 41.Nc5 Ra3 42.Kh1 Nh5 43.Rfd1 Ng3+ 44.Kg1 Ne2+ 45.Kf1 Rxf3+ 46.Ke1 Ng3
47.Rd2 Rf1# 0-1

[Event "N3 - Agen / Condom"]
[Site "?"]
[Date "2002.??.??"]
[Round "1.5"]
[White "Dumont, Gilles"]
[Black "Relea, Nicolas"]
[Result "0-1"]
[WhiteElo "1890"]
[BlackElo "2069"]
[EventDate "2003.07.04"]
[PlyCount "72"]

1.e4 Nc6 2.Nf3 d6 3.Bc4 Nf6 4.d3 Bg4 5.c3 e6 6.Nbd2 Be7 7.h3 Bh5 8.Bb5 O-O
9.d4 d5 10.e5 Ne4 11.Nf1 f6 12.g4 Bg6 13.Be3 f5 14.Be2 Bh4 15.Rh2 Na5 16.
Qc1 Be7 17.b3 b6 18.g5 Bh5 19.h4 c5 20.Ng3 Bxf3 21.Bxf3 cxd4 22.Bxd4 Nc6 
23.Ne2 Rc8 24.Qd1 Qc7 25.Rc1 Nxe5 26.Nf4 Nxf3+ 27.Qxf3 Qd6 28.Bxg7 Kxg7 
29.Rg2 Qe5 30.Nd3 Qd6 31.Qh5 e5 32.g6 h6 33.f3 Nxc3 34.Rg5 e4 35.fxe4 Bxg5
36.hxg5 Qg3+ 0-1